[Event "Mecklenburg VP-ch U16"]
[Site "Malchow"]
[Date "2018.02.07"]
[Round "1.2"]
[White "Pfennigschmidt, Lennart Ivo"]
[Black "Petrow, Jonas"]
[Result "0-1"]
[WhiteElo "1323"]
[BlackElo "1811"]
[PlyCount "130"]
[EventDate "2018.02.07"]
[EventType "swiss"]
[EventRounds "7"]
[EventCountry "GER"]
[SourceTitle "EXT 2022"]
[Source "ChessBase"]
[SourceDate "2021.10.06"]
[SourceVersion "1"]
[SourceVersionDate "2021.10.06"]
[SourceQuality "1"]

1. e4 c5 2. f4 Nc6 3. Nf3 d6 4. Bb5 g6 5. Nc3 Bg7 6. h3 Bd7 7. Bxc6 Bxc6 8. d4 cxd4 9. Nxd4 Bd7 10. Be3 a6 11. Qd3 Nf6 12. e5 Nh5 13. g4 Nxf4 14. Bxf4 dxe5 15. Bxe5 Bxe5 16. 0-0-0 Qc7 17. Rde1 Bc6 18. Nxc6 bxc6 19. Qc4 0-0 20. Rhf1 a5 21. Ne4 h6 22. h4 Rab8 23. c3 Rb5 24. Nc5 Bf6 25. h5 g5 26. a4 Rb6 27. Rd1 Rd8 28. Ne4 Rxd1+ 29. Kxd1 Rxb2 30. Nxf6+ exf6 31. Rxf6 Qd8+ 32. Qd4 Qxd4+ 33. cxd4 Rb4 34. Rd6 Rxa4 35. Ke2 Kg7 36. Ke3 Rc4 37. Kd3 Rc1 38. Kd2 Rg1 39. Rxc6 Rxg4 40. Ke3 a4 41. Ra6 a3 42. d5 Rg1 43. d6 Rd1 44. Ke2 Rd5 45. Rxa3 Rxd6 46. Kf3 Rd4 47. Ra6 Rh4 48. Kg3 Rxh5 49. Kg4 Rh4+ 50. Kg3 f6 51. Ra5 Rb4 52. Kh3 Kg6 53. Ra6 h5 54. Ra5 Rb3+ 55. Kg2 g4 56. Ra8 Kg5 57. Rg8+ Kh4 58. Rf8 Rf3 59. Rg8 f5 60. Rg7 f4 61. Rf7 Rg3+ 62. Kh2 f3 63. Kh1 Rg2 64. Rxf3 Rg1+ 65. Kxg1 gxf3 0-1